00855 a2200205 4500003000500000005001700005010001300022040000900035082001600044100003000060245012100090260003500211300007200246505009900318600003000417650004300447942001200490999001900502952012800521Nust20230131122924.0 a40035225 cNust a940.546,DUK aDukes, Paul, Sir,9108220 aAn EPIC of the Gestapo :bthe story of a strange search /cSir Paul Dukes, K. B. E.hwith 11 half-tone illustrations aLondon, TorontobCassellc1940 a283, [1] pb frontcilluse(incl. map) platesfportsgfacsism. 22cm aIntroduction (Page-1), The Enigma (Page-15), The Solution (Page-107), Epilogue (Page-269).  aDukes, Paul, Sir,9108220 aAtrocities of second world war9108221 2ddccBK c187192d187192 00102ddc4070aMCSbMCScGENd2016-12-12j4o940.546,DUKpMCS29507r2016-12-08w2016-12-12yBKzAlmirah No.60, Shelf No.3